000 00951nam a2200217Ii 4500
003 JO-AjNU
005 20240113103015.0
008 230605s9999||||xx |||||||||||||| ||und||
040 _aJO-AjNU
_bara
_erda
_cJO-AjNU
041 _aara
050 1 4 _aBP136.33.H2
100 3 _aحافظ عراقي، زين الدين أبو الفضل عبد الرحيم، ابن عراقي ، ولي الدين أبو زرعة أحمد بن عبد الرحي,
_eauthor
_943467
245 0 0 _aكتاب طرح التثريب في شرح التقريب : و هو شرح المتن المسمى بتقريب الاسانيد و ترتيب المسانيد، الجزء 1-2
264 3 1 _aحلب : دار المعارف، 1900
300 _aج1-2، 414ص
336 _atext
_btxt
_2rdacontent
337 _aunmediated
_bn
_2rdamedia
338 _avolume
_bnc
_2rdacarrier
650 4 _aحديث شريف -- اسناد --الفقه الإسلامي
_943468
942 _2lcc
_cREF
999 _c22257
_d22257